CO MOŻNA ODŚWIEŻYĆ? - Statystyki

Ogólne statystyki
  • Ten quiz został rozwiązany 46 razy
  • Średni wynik to 3 z 5
Statystyki odpowiedzi
Odpowiedź % Poprawnych
ODDECH
68%
POWIETRZE
68%
PAMIĘĆ
58%
DOM | MIESZKANIE
55%
STRONĘ INTERNETOWĄ
50%
Nie znaleziono quizów pasujących do podanych kryteriów
Rozkład punktacji
Procent ludzi z każdym wynikiem
Percentyl według liczby udzielonych odpowiedzi
Twoja historia wyników
Nie rozwiązałeś tego quizu